[Event "Pelotas Gaucho op"]
[Site "Pelotas"]
[Date "2023.10.13"]
[Round "3"]
[White "Cury, Romulo Da Costa"]
[Black "Pereira, Armando Scharlau"]
[Result "0-1"]
[WhiteElo "1088"]
[BlackElo "1535"]
[PlyCount "110"]
[EventDate "2023.10.12"]
[EventType "swiss"]
[EventRounds "7"]
[EventCountry "BRA"]
[SourceTitle "Mega2024 Update 01"]
[Source "Chessbase"]
[SourceDate "2023.11.12"]
[SourceVersion "1"]
[SourceVersionDate "2023.11.12"]
[SourceQuality "1"]

1. d4 Nf6 2. c4 c5 3. d5 e6 4. Nc3 exd5 5. cxd5 d6 6. e4 g6 7. Bd3 Bg7 8. Bf4 a6 9. Qa4+ Bd7 10. Bb5 0-0 11. Bxd7 Nbxd7 12. Qb3 Qc7 13. Rc1 Rfe8 14. f3 b5 15. Nge2 Nh5 16. Be3 Ne5 17. Qc2 Nc4 18. Bf2 Rac8 19. 0-0 Qe7 20. b3 Ne5 21. Qd2 Qf8 22. Be3 Kh8 23. Nf4 Nxf4 24. Bxf4 f5 25. Rce1 b4 26. Nd1 a5 27. Nb2 Rcd8 28. Kh1 Qf7 29. Bxe5 Bxe5 30. Nc4 Bc3 31. Qe2 Bxe1 32. Qxe1 Qf6 33. Nd2 f4 34. Qa1 Qxa1 35. Rxa1 Kg7 36. Nc4 Kf6 37. Nxa5 Ra8 38. Nc4 Ra6 39. Nb2 Rea8 40. Na4 Rxa4 41. bxa4 Rxa4 42. Kg1 b3 43. Kf2 Rxa2+ 44. Rxa2 bxa2 45. h3 a1Q 46. e5+ Kxe5 47. h4 Qd4+ 48. Kf1 c4 49. g3 c3 50. Kg2 c2 51. Kh3 h5 52. g4 c1Q 53. gxh5 gxh5 54. Kh2 Qf2+ 55. Kh3 Qg3# 0-1

[Event "Pelotas Gaucho op"]
[Site "Pelotas"]
[Date "2023.10.12"]
[Round "1"]
[White "Cury, Romulo Da Costa"]
[Black "Pertuzatti, Daniel"]
[Result "0-1"]
[WhiteElo "1088"]
[BlackElo "1956"]
[PlyCount "124"]
[EventDate "2023.10.12"]
[EventType "swiss"]
[EventRounds "7"]
[EventCountry "BRA"]
[SourceTitle "Mega2024 Update 01"]
[Source "Chessbase"]
[SourceDate "2023.11.12"]
[SourceVersion "1"]
[SourceVersionDate "2023.11.12"]
[SourceQuality "1"]

1. d4 f5 2. g3 Nf6 3. Bg2 e6 4. Nf3 Be7 5. 0-0 0-0 6. b3 Qe8 7. Bb2 Qh5 8. e3 d6 9. Nc3 Ng4 10. h3 Nf6 11. Nb5 Na6 12. Rc1 c6 13. Nc3 Nc7 14. Ne2 g5 15. Nc3 Rf7 16. Nh2 Qh6 17. Qe2 d5 18. Na4 Bd7 19. Nf3 Rg7 20. Ne5 Bc8 21. Rcd1 Ne4 22. Nc3 g4 23. hxg4 Ng5 24. f4 Nh3+ 25. Bxh3 Qxh3 26. Rf2 Qxg3+ 27. Rg2 Qh3 28. gxf5 Qxg2+ 29. Qxg2 Rxg2+ 30. Kxg2 exf5 31. Rg1 Be6 32. Kf2+ Kh8 33. Nf3 Rg8 34. Ng5 Bxg5 35. fxg5 Rf8 36. Ne2 Kg7 37. Nf4 Re8 38. c4 Bg8 39. Nh5+ Kg6 40. Nf4+ Kg7 41. Nh5+ Kf7 42. Nf6 Rd8 43. c5 Ne6 44. Nxg8 Rxg8 45. Bc1 Nxg5 46. Ke2 Ne4 47. Rxg8 Kxg8 48. Kf3 Kf7 49. Kg2 Kg6 50. Kh2 Kg5 51. Kh3 h5 52. Bb2 h4 53. a3 Kh5 54. b4 Ng5+ 55. Kg2 Kg4 56. Bc1 h3+ 57. Kf2 Ne4+ 58. Kg1 Kg3 59. Bd2 h2+ 60. Kf1 h1Q+ 61. Ke2 Qg2+ 62. Kd3 Qxd2# 0-1